00305pab a2200121 454500008004000000100002200040245003800062260000900100300001500109362000800124650002500132773002600157180718b2011 xxu||||| |||| 00| 0 eng d aRoy, Swapan Kumar aUnderstanding behavioural finance c2011 ap.858-859. aOct aBehavioural sciences aManagement Accountant